| 000 | 00379nam a2200133Ia 4500 | ||
|---|---|---|---|
| 005 | 20260326100038.0 | ||
| 008 | 260326s9999||||xx |||||||||||||| ||und|| | ||
| 100 | _aMarco Dorta, Enrique | ||
| 245 | 0 |
_aFuentes para la Historia del Arte hispanoAmericano / _cEnrique Marco Dorta |
|
| 260 | _bEscuela de Estudios Hispanoamericanos | ||
| 300 | _a341 p. | ||
| 650 | _aARTE | ||
| 942 | _cBK | ||
| 999 |
_c6889 _d6889 |
||